| 000 | 00847nam a2200229Ia 4500 | ||
|---|---|---|---|
| 008 | 191130s2010##################000#0#eng## | ||
| 020 | _a9783110223668 | ||
| 022 | _a2009053217 | ||
| 040 |
_aACL _cACL |
||
| 082 | _a229.406 GRE | ||
| 100 | _aGregory, Bradley C | ||
| 245 |
_aLike an everlasting signet ring : generosity in the book of Sirach _cBradley C. Gregory |
||
| 260 |
_aBerlin _bDe Gruyter _cc2010 |
||
| 300 | _axvii, 378 p. ; 24 cm | ||
| 500 | _aIncludes bibliographical references and indexes. Contains passages in Hebrew, Syriac, and Greek with English translations | ||
| 650 | _aBible. O.T. Apocrypha. Ecclesiasticus - Criticism, interpretation, etc | ||
| 650 | _aCharity - Biblical teaching | ||
| 650 | _aGenerosity - Biblical teaching | ||
| 990 | _a5b820604ac10000c3860c462275daa45 | ||
| 991 | _a92058 | ||
| 999 |
_c233087 _d233087 |
||